|
|
|
|
| LEADER |
01101nam a2200385 4500 |
| 001 |
DLU110120741 |
| 005 |
##20110506 |
| 008 |
##040503s2005 maua 000 0 eng |
| 010 |
# |
# |
|a 2004106730
|z 2004094088
|z 2004107174
|z 2004094089
|
| 020 |
# |
# |
|a 0838406610 (intro)
|
| 020 |
# |
# |
|a 0838406629 (bk. 1)
|
| 020 |
# |
# |
|a 0838406653 (bk. 2)
|
| 020 |
# |
# |
|a 0838406688 (bk. 3)
|
| 040 |
# |
# |
|a DLC
|c DLC
|d DLC
|
| 082 |
# |
# |
|a 428
|b ST-S
|
| 100 |
# |
# |
|a Stempleski, Susan.
|
| 245 |
# |
# |
|a World link :
|b developing English fluency.
|n t.III /
|c Susan Stempleski, Nancy Douglas, James R. Morgan.
|
| 250 |
# |
# |
|a Teacher ed.
|
| 260 |
# |
# |
|a Boston :
|b Thomson Heinle,
|c c2005.
|
| 300 |
# |
# |
|a 210 p. :
|b col. ill. ;
|c 28 cm.
|
| 650 |
# |
# |
|a English language
|x Textbooks for foreign speakers.
|
| 700 |
# |
# |
|a Douglas, Nancy.
|
| 700 |
# |
# |
|a Morgan, James R.
|
| 923 |
# |
# |
|a 01/2011NN
|
| 990 |
# |
# |
|a t.III
|
| 991 |
# |
# |
|a GT
|
| 992 |
# |
# |
|a 0
|
| 994 |
# |
# |
|a KNN
|
| 900 |
# |
# |
|a True
|
| 911 |
# |
# |
|a Nguyễn Thanh Hương
|
| 925 |
# |
# |
|a G
|
| 926 |
# |
# |
|a A
|
| 927 |
# |
# |
|a SH
|
| 980 |
# |
# |
|a Thư viện Trường Đại học Đà Lạt
|